Normal view
MARC view
Entry Personal Name
001 - CONTROL NUMBER
- control field: 1347
003 - CONTROL NUMBER IDENTIFIER
- control field: OSt
005 - DATE AND TIME OF LATEST TRANSACTION
- control field: 20260511112753.0
008 - FIXED-LENGTH DATA ELEMENTS
- fixed length control field: 260511|| aca||aabn | a|a d
040 ## - CATALOGING SOURCE
- Original cataloging agency: OSt
- Transcribing agency: OSt
100 ## - HEADING--PERSONAL NAME
- Personal name: Sivaramappa B
670 ## - SOURCE DATA FOUND
- Source citation: Work cat.: (OSt)16851: Sivaramappa B., Effect of anapanasati meditation on anxiety, verbal aggression and depression - A randomized controlled trial, 2020